000 00430cam a22001457a 4500
008 180718b1996 xxu||||| |||| 00| 0 eng d
082 _aI513 R18i
100 _aRao, M. Gangadhara
245 _aIndividual and the organisation
_cby M. Gangadhara Rao and Surya P. Rao
260 _aNew Delhi
_bKanishka
_c1996
300 _a298p.
650 _aOrganizational change
650 _aOrganizational behaviour
700 _aRao, Surya P.
999 _c379978
_d379978